000170205 001__ 170205
000170205 005__ 20260407115449.0
000170205 0248_ $$2sideral$$a86072
000170205 037__ $$aART-2010-86072
000170205 041__ $$aspa
000170205 100__ $$0(orcid)0000-0003-0147-370X$$aVicente Sánchez, Ana$$uUniversidad de Zaragoza
000170205 245__ $$aEstudio del uso y presencia en "Norte de los estados" de Francisco de Osuna de un recurso escolar clásico
000170205 260__ $$c2010
000170205 5060_ $$aAccess copy available to the general public$$fUnrestricted
000170205 5203_ $$aAnálisis de la influencia de la educación retórica en la redacción de una obra del siglo XVI, Norte de los estados. Esta influencia puede remontarse a los manuales que ya se empleaban en el mundo antiguo greco-romano, deteniéndose este estudio en el uso del ejercicio retórico denominado chreia o «usus» en su traducción latina.
This study tries to show how the rhetorical education can influence the literary composition. This subject has been studied in a dialog written during the 16th Century: Norte de los Estados. This influence can be traced from the ancient handbooks used in the greco-roman rhetorical schools. The main aspect researched here is the use of a special exercise practiced in the schools and called chreia in Greek or «usus» in Latin.
000170205 540__ $$9info:eu-repo/semantics/openAccess$$aby$$uhttps://creativecommons.org/licenses/by/4.0/deed.es
000170205 655_4 $$ainfo:eu-repo/semantics/article$$vinfo:eu-repo/semantics/publishedVersion
000170205 7102_ $$13000$$2340$$aUniversidad de Zaragoza$$bDpto. Ciencias de la Antigüed.$$cÁrea Filología Griega
000170205 773__ $$g16 (2010), 57-76$$pStvdivm (Teruel)$$tStvdivm (Teruel)$$x1137-8417
000170205 8564_ $$s131302$$uhttps://zaguan.unizar.es/record/170205/files/texto_completo.pdf$$yVersión publicada
000170205 8564_ $$s896207$$uhttps://zaguan.unizar.es/record/170205/files/texto_completo.jpg?subformat=icon$$xicon$$yVersión publicada
000170205 909CO $$ooai:zaguan.unizar.es:170205$$particulos$$pdriver
000170205 951__ $$a2026-03-26-14:31:40
000170205 980__ $$aARTICLE